KOHA-Header-6

Business Research an Informal Guide (Record no. 11214)

000 -LEADER
fixed length control field 00274nam a2200109Ia 4500
100 ## - MAIN ENTRY--AUTHOR NAME
Personal name Rick C.Farr
245 #0 - TITLE STATEMENT
Title Business Research an Informal Guide
260 ## - PUBLICATION, DISTRIBUTION, ETC. (IMPRINT)
Place of publication UK
Name of publisher Prentice Hall Inc.
Year of publication 1995
300 ## - PHYSICAL DESCRIPTION
Number of Pages 400
942 ## - ADDED ENTRY ELEMENTS (KOHA)
Koha item type Books

No items available.

Powered by Koha